Asedio : historia de Madrid en el Guerra Civil (1936-1939) /
Uloženo v:
| Další autoři: | |
|---|---|
| Médium: | Elektronický zdroj E-kniha |
| Jazyk: | španělština |
| Vydáno: |
Madrid :
Ediciones Complutense,
[2018]
|
| Vydání: | Primera edición. |
| Edice: | Serie investigación (Ediciones Complutense) ;
13. |
| Témata: | |
| On-line přístup: | Digitalia Hispánica |
| Tagy: |
Přidat tag
Žádné tagy, Buďte první, kdo vytvoří štítek k tomuto záznamu!
|
MARC
| LEADER | 00000nam a2200000Ii 4500 | ||
|---|---|---|---|
| 001 | DIGCOMPLT0002 | ||
| 003 | NyNyDIG | ||
| 006 | m o d | ||
| 007 | cr ||||||||||| | ||
| 008 | 230413s2018 sp ob 000 0 spa d | ||
| 035 | |a (OCoLC)1377522056 | ||
| 040 | |a DGITA |b eng |e rda |e pn |c DGITA | ||
| 020 | |a 9788466935715 |q pdf | ||
| 020 | |z 9788466935708 | ||
| 043 | |a e-sp--- | ||
| 050 | 1 | 4 | |a DP269.27.M3 ebook |
| 245 | 0 | 0 | |a Asedio : |b historia de Madrid en el Guerra Civil (1936-1939) / |c Gutmaro Gómez Bravo (coord.). |
| 250 | |a Primera edición. | ||
| 264 | 1 | |a Madrid : |b Ediciones Complutense, |c [2018] | |
| 300 | |a 1 online resource. | ||
| 336 | |a text |b txt |2 rdacontent | ||
| 337 | |a computer |b c |2 rdamedia | ||
| 338 | |a online resource |b cr |2 rdacarrier | ||
| 347 | |a text file |2 rdaft | ||
| 347 | |b PDF | ||
| 490 | 1 | |a Serie Investigación ; |v 13 | |
| 504 | |a Includes bibliographical references. | ||
| 588 | 0 | |a Online resource; title from PDF title page (Digitalia, viewed April 13, 2023) | |
| 651 | 0 | |a Madrid (Spain) |x History |y Siege, 1936-1939. | |
| 700 | 1 | |a Gómez Bravo, Gutmaro, |e editor. | |
| 791 | 2 | |a Digitalia (Firm), |e distributor. | |
| 793 | 0 | |g Digitalia eBook Collection: |a Ediciones Complutense | |
| 776 | 0 | 8 | |i Print version: |t Asedio. |b Primera edición. |d Madrid : Ediciones Complutense, [2018] |z 9788466935708 |
| 830 | 0 | |a Serie investigación (Ediciones Complutense) ; |v 13. | |
| 856 | 4 | 0 | |3 Digitalia Hispánica |u https://digitalia.unach.elogim.com/a/125638/ |
| 910 | |a Premium collection: 2023 | ||